The politics of Bangsa Malaysia : nation-building in a multiethnic society

Bibliographic Details
Main Author: Mohamed Mustafa Ishak
Format: Book
Language:English
Published: Sintok : UUM Press , 2014
Subjects:

MARC

LEADER 00000cam a2200000 7i4500
001 0000026575
005 20151015.0
008 081015 my # eng
020 |a 9789670474342 ,   |c RM45.00 
040 |a INS 
090 0 0 |a DS597.2   |b M64 2014 
100 1 |a Mohamed Mustafa Ishak 
245 1 4 |a The politics of Bangsa Malaysia :   |b nation-building in a multiethnic society   |c Mohamed Mustafa Ishak 
260 |a Sintok :   |b UUM Press ,   |c 2014 
300 |a xiv,355p ;   |c 22cm. 
500 |a Includes references and index 
650 0 |a Nationalism   |z Malaysia 
650 0 |a Politicians   |z Malaysia 
651 0 |a Malaysia   |x Ethnic relations 
651 0 |a Malaysia   |x Politics and government 
651 0 |a Malaysia   |x Race relations 
999 |a 1000002473   |b BOOK   |c Open Shelf   |e Default branch